<?xml version="1.0" encoding="UTF-8"?>
<record
    xmlns:xsi="http://www.w3.org/2001/XMLSchema-instance"
    xsi:schemaLocation="http://www.loc.gov/MARC21/slim http://www.loc.gov/standards/marcxml/schema/MARC21slim.xsd"
    xmlns="http://www.loc.gov/MARC21/slim">

  <leader>01493cam a2200169   4500500</leader>
  <controlfield tag="005">20260111052914.0</controlfield>
  <datafield tag="041" ind1=" " ind2=" ">
    <subfield code="a">fre</subfield>
  </datafield>
  <datafield tag="042" ind1=" " ind2=" ">
    <subfield code="a">dc</subfield>
  </datafield>
  <datafield tag="100" ind1="1" ind2="0">
    <subfield code="a">Hamroun, Aghil&#xE8;s</subfield>
    <subfield code="e">author</subfield>
  </datafield>
  <datafield tag="700" ind1="1" ind2="0">
    <subfield code="a">Glowacki, Fran&#xE7;ois</subfield>
    <subfield code="e">author</subfield>
  </datafield>
  <datafield tag="245" ind1="0" ind2="0">
    <subfield code="a">Conservative care in the treatment of chronic kidney failure</subfield>
  </datafield>
  <datafield tag="260" ind1=" " ind2=" ">
    <subfield code="c">2023.
							</subfield>
  </datafield>
  <datafield tag="500" ind1=" " ind2=" ">
    <subfield code="a">62</subfield>
  </datafield>
  <datafield tag="520" ind1=" " ind2=" ">
    <subfield code="a">Comprehensive &#x201C;conservative care&#x201D; is defined as any active therapeutic procedure for the management of stage 5 chronic kidney disease without recourse to dialysis. This therapeutic option is discussed in the case of older, frail patients whose anticipated life expectancy is reduced with dialysis. The decision for conservative management primarily relies on an informed choice by the patient and their caregivers. This holistic approach, focused on quality of life, requires a multidisciplinary approach. The goals are to slow the progression of kidney disease, prevent complications, anticipate the risks of decompensation, and provide support for the patient and their caregivers in order to maintain the best possible quality of life at home. This article describes the principles of conservative management, highlights various barriers to this care pathway, and proposes potential solutions.</subfield>
  </datafield>
  <datafield tag="786" ind1="0" ind2=" ">
    <subfield code="n">N&#xE9;phrologie &amp;amp; Th&#xE9;rapeutique | Volume 19 | Suppl. Issue 1 | 2023-09-26 | p. 21-29 | 1769-7255</subfield>
  </datafield>
  <datafield tag="856" ind1="4" ind2="1">
    <subfield code="u">https://stm.cairn.info/journal-nephrologie-et-therapeutique-2024-HS1-page-21?lang=en&amp;redirect-ssocas=7080</subfield>
  </datafield>
  <datafield tag="999" ind1=" " ind2=" ">
    <subfield code="c">1613534</subfield>
    <subfield code="d">1613534</subfield>
  </datafield>
</record>
